A Minecraft Movie (2025): Characters by Picture - Statistics

General Stats
  • This quiz has been taken 80 times
  • The average score is 15 of 25
Answer Stats
Picture Hint Answer % Correct
I...am STEVE
100%
Dennis
78%
Garret
76%
Mob Name Skeleton
76%
Mob Name Zombie
76%
Mob Name CHICKEN JOCKEY
75%
Mob Name Creeper
75%
Mob Name Enderman
75%
Mob Name Spider
75%
Mob Name Villager
75%
Mob Name Iron Golem
73%
Technoblade
73%
Henry
71%
Mob Name Ghast
67%
Alex
64%
Natalie
60%
Dawn
55%
Mob Name Wandering Trader
55%
General Chungus
53%
Malgosha
49%
Mob Name Vindicator
49%
Nitwit
33%
Super Iron Golem
25%
Vice Principal Marlene
22%
Great Hog
20%
No matching quizzes found
Score Distribution
Percent of People with Each Score
Percentile by Number Answered
Your Score History
You have not taken this quiz